| 000 | 01974nkc a2200301za 4500 | ||
|---|---|---|---|
| 001 | 84575 | ||
| 003 | OSt | ||
| 005 | 20260423160248.0 | ||
| 007 | kh boc | ||
| 008 | 250410s1909 sp ||||| ||||||0| i|spa d | ||
| 040 |
_cM-RABA _aM-RABA _bspa |
||
| 245 | 0 | 3 |
_aEl rey arma caballero al Cid _b: (El rey D. Fernando Magno) _h[Material gráfico] _c/ José Rodríguez Díaz |
| 246 | _aEl rey don Fernando el Grande armando Caballero al Cid | ||
| 260 |
_b[Hauser y Menet] _c, [ca. 1909] |
||
| 300 |
_a1 fotografía _b: gelatina de plata _c; imagen 17,5 x 14 cm _c; soporte secundario 30 x 24 cm |
||
| 500 | _aFotografía del relieve "El rey don Fernando el Grande armando Caballero al Cid" de Manuel Álvarez, obteniendo el primer premio de la Academia en Escultura, de segunda clase en el año 1769. Se conserva en el Museo de la Real Academia de Bellas Artes de San Fernando con nº de inventario E-307. | ||
| 500 | _aMontada sobre un soporte secundario de cartón, con texto manuscrito a lápiz en la parte inferior al recto: "El Rey arma caballero al Cid (El Rey D. Fernando Magno). 1769. Concurso. 2ª clase. 1º premio de la 2ª clase (tachado: D. José Rodríguez Díaz) 2º premio de 2ª clase D. José Martínez Reyna". Nota manuscrita al verso a lápiz rojo: "1769-2ª clase". | ||
| 500 | _aFecha probable de la realización de la fotografía realizada por Hauser y Menet. | ||
| 544 | _aArchivo de la Real Academia de Bellas Artes de San Fernando (Le-4-29-1) | ||
| 600 | 1 | 0 |
_aRodríguez Díaz, José _d(ca. 1746-1817) _9111688 |
| 610 | 2 | 4 |
_aReal Academia de Bellas Artes de San Fernando. _975832 |
| 651 | 7 |
_aMadrid _2embne _975182 |
|
| 655 | 7 |
_aFotografías de obras de arte _975675 |
|
| 710 | 2 |
_aReal Academia de Bellas Artes de San Fernando. _975832 |
|
| 852 | _jFot-605 | ||
| 856 |
_3Fot-605 _uhttps://archivoybiblioteca.realacademiabellasartessanfernando.com/cgi-bin/koha/opac-retrieve-file.pl?id=95f00c05bc7f326730630dddad644f05 |
||
| 942 |
_2ddc _cFOTOGRAFÍA _n0 |
||
| 999 |
_c84575 _d84575 |
||